000 00366nam a2200133Ia 4500
008 211109s9999||||xx |||||||||||||| ||und||
082 _a920
_bBRO-M
100 _aBrooke, Stopford A,
245 0 _aMilton
260 _bNATIONAL BOOKSTALL
_aKottayam
_c1900
630 _xGeneral Stack
650 _aBIOGRAPHY
_vGENEALOGYINSIGNIA
_xBiography- Autobiography
942 _cBOOK
999 _c3863
_d3863